[Event "21st Rubinstein Memorial"]
[Site "Polanica Zdroj POL"]
[Date "1983.08.??"]
[Round "6"]
[White "Hresc, Vladimir"]
[Black "Hernandez Onna, Roman"]
[WhiteElo "2450"]
[BlackElo "2375"]
[Result "1/2-1/2"]
[EventDate "1983.08.03"]
[PlyCount "85"]
1. e4 c5 2. c3 d5 3. exd5 Qxd5 4. d4 e6 5. Nf3 Nc6 6. Be2 Nf6 7. O-O cxd4 8. Nxd4 Nxd4 9. cxd4 Be7 10. Nc3 Qd8 11. Bf3 O-O 12. Rb1 Rb8 13. Bf4 Bd6 14. Be5 b5 15. Bc6 Bb7 16. Qf3 Bxc6 17. Qxc6 Rb6 18. Qf3 b4 19. Na4 Rb5 20. Qc6 Rd5 21. Qc4 Ne4 22. Bxd6 Qxd6 23. Rfd1 Rd8 24. Rbc1 h6 25. f3 Nf6 26. Nc5 Rxd4 27. Rxd4 Qxd4+ 28. Qxd4 Rxd4 29. Nb3 Rd7 30. Rc8+ Kh7 31. Kf2 Rd1 32. Rc2 Nd5 33. g3 g5 34. Rc1 Rxc1 35. Nxc1 h5 36. Nd3 Kg6 37. Ne5+ Kf6 38. Nc6 a6 39. Ke2 g4 40. fxg4 hxg4 41. Kd3 Kf5 42. Kd2 f6 43. b3 1/2-1/2

[Event "21st Rubinstein Memorial"]
[Site "Polanica Zdroj POL"]
[Date "1983.08.??"]
[Round "6"]
[White "Ksieski, Zbigniew"]
[Black "Flis, Jacek"]
[WhiteElo "2415"]
[BlackElo "2410"]
[Result "1/2-1/2"]
[EventDate "1983.08.03"]
[PlyCount "110"]
1. d4 Nf6 2. c4 g6 3. Nc3 Bg7 4. e4 d6 5. f3 O-O 6. Bg5 c6 7. Qd2 Nbd7 8. Nh3 a6 9. Nf2 b5 10. Rd1 Qa5 11. a3 Rb8 12. cxb5 axb5 13. Nd3 Nb6 14. Nb4 Bb7 15. Nc2 Nc4 16. Qc1 Nxb2 17. Qxb2 b4 18. Nb5 cxb5 19. axb4 Qc7 20. Na3 Bc6 21. Be2 Qa7 22. Be3 Qb7 23. O-O Ne8 24. Rc1 f5 25. Qb3+ Kh8 26. d5 Bd7 27. Qd3 Nf6 28. Nc2 Rfc8 29. Nd4 fxe4 30. fxe4 Rc4 31. Rxc4 bxc4 32. Qxc4 Qxb4 33. Qd3 Rc8 34. Rb1 Qa5 35. Bf3 h6 36. h3 Rc3 37. Qd2 Qa3 38. Bxh6 Rd3 39. Bxg7+ Kxg7 40. Qf2 Qa4 41. Ne2 Nxe4 42. Bxe4 Qxe4 43. Re1 Qe3 44. Nf4 Qxf2+ 45. Kxf2 Rd2+ 46. Re2 Rxe2+ 47. Kxe2 Kf6 48. Ke3 g5 49. Nd3 Bb5 50. g3 Bd7 51. h4 gxh4 52. gxh4 Kf5 53. Nb4 Kg4 54. Nc6 e6 55. Nb8 exd5 1/2-1/2

[Event "21st Rubinstein Memorial"]
[Site "Polanica Zdroj POL"]
[Date "1983.08.??"]
[Round "6"]
[White "Stoica, Valentin"]
[Black "Sygulski, Artur"]
[WhiteElo "2440"]
[BlackElo "2390"]
[Result "1-0"]
[EventDate "1983.08.03"]
[PlyCount "129"]
1. e4 e5 2. Nf3 Nc6 3. Bb5 a6 4. Ba4 Nf6 5. O-O Be7 6. Bxc6 dxc6 7. d3 Bg4 8. h3 Bxf3 9. Qxf3 O-O 10. Qg3 Qd6 11. Nd2 Qe6 12. Nf3 Bd6 13. Nh4 Nh5 14. Qg4 Qxg4 15. hxg4 Nf6 16. g5 Nd7 17. Nf5 f6 18. g3 Nc5 19. gxf6 Rxf6 20. Kg2 Ne6 21. Bd2 c5 22. c3 Bf8 23. Rad1 Rd8 24. Be3 g6 25. Nh4 Rf7 26. Rd2 Bg7 27. Nf3 Rfd7 28. Rfd1 Bf6 29. Kf1 h5 30. Ke2 b6 31. Rg1 g5 32. Rh1 Rh7 33. Rdd1 Kf7 34. Rh2 Kg6 35. Rdh1 Rdh8 36. a4 h4 37. gxh4 g4 38. Rg1 Kh5 39. Ng5 Nf4+ 40. Bxf4 exf4 41. Nxh7 Rxh7 42. f3 g3 43. Rhh1 Rd7 44. Rd1 b5 45. axb5 axb5 46. Ra1 c6 47. Ra6 Rd6 48. Ra7 Rd8 49. Rh7+ Kg6 50. Rc7 Rd6 51. h5+ Kh6 52. Rc8 b4 53. Kd2 bxc3+ 54. bxc3 Re6 55. Rg8 Bg5 56. Rh8+ Kg7 57. Rc8 c4 58. d4 Rxe4 59. Rxc6 Re3 60. Rg6+ Kh7 61. Rxg5 Rxf3 62. h6 Rd3+ 63. Kc2 Rf3 64. Rg7+ Kh8 65. Re1 1-0

[Event "21st Rubinstein Memorial"]
[Site "Polanica Zdroj POL"]
[Date "1983.08.??"]
[Round "7"]
[White "Dydyshko, Viacheslav"]
[Black "Szymczak, Zbigniew"]
[WhiteElo "2460"]
[BlackElo "2420"]
[Result "1/2-1/2"]
[EventDate "1983.08.03"]
[PlyCount "89"]
1. d4 Nf6 2. c4 g6 3. Nc3 Bg7 4. e4 d6 5. Be2 O-O 6. Bg5 c5 7. dxc5 Qa5 8. Bd2 dxc5 9. e5 Nfd7 10. f4 Nc6 11. Nf3 f6 12. h4 fxe5 13. h5 exf4 14. hxg6 hxg6 15. Nd5 Qd8 16. Bxf4 Nde5 17. Nxe5 Nxe5 18. Qd2 Nf7 19. Bd3 Bf5 20. Bxf5 gxf5 21. O-O-O e6 22. Nc7 Qxd2+ 23. Bxd2 Bd4 24. Nxe6 Rfc8 25. Bf4 Rc6 26. Rhe1 Be5 27. Bxe5 Rxe6 28. Bf4 Rxe1 29. Rxe1 Rd8 30. Rd1 Rxd1+ 31. Kxd1 Nd8 32. Kc2 Ne6 33. Bb8 Nd4+ 34. Kc3 Nc6 35. Bd6 b6 36. a3 Kf7 37. Bf4 Ke6 38. g3 Nd4 39. Bb8 Nc6 40. Bc7 Kd7 41. Bf4 Nd4 42. Kd3 Nc6 43. Bd2 Ne5+ 44. Kc3 Nc6 45. Bf4 1/2-1/2

[Event "21st Rubinstein Memorial"]
[Site "Polanica Zdroj POL"]
[Date "1983.08.??"]
[Round "7"]
[White "Flis, Jacek"]
[Black "Ardiansyah, Haji"]
[WhiteElo "2410"]
[BlackElo "2450"]
[Result "0-1"]
[EventDate "1983.08.03"]
[PlyCount "66"]
1. e4 c5 2. Nf3 d6 3. d4 cxd4 4. Nxd4 Nf6 5. Nc3 a6 6. Bc4 e6 7. Bb3 Be7 8. Be3 O-O 9. g4 Qa5 10. f3 d5 11. e5 Nfd7 12. f4 Bh4+ 13. Kf1 Be7 14. Nce2 Nc6 15. c3 g6 16. Kg2 Ncxe5 17. fxe5 Nxe5 18. Ng3 Nc4 19. Bxc4 dxc4 20. Nf3 Rd8 21. Qe2 Rd3 22. Rhd1 Qd5 23. h3 b5 24. Rxd3 cxd3 25. Qf2 Bb7 26. a3 e5 27. Rf1 Rd8 28. Kh2 Qxf3 29. Qxf3 Bxf3 30. Rxf3 d2 31. Bxd2 Rxd2+ 32. Kh1 Rxb2 33. Ne4 Kg7 0-1

[Event "21st Rubinstein Memorial"]
[Site "Polanica Zdroj POL"]
[Date "1983.08.??"]
[Round "7"]
[White "Hernandez Onna, Roman"]
[Black "Ksieski, Zbigniew"]
[WhiteElo "2375"]
[BlackElo "2415"]
[Result "1/2-1/2"]
[EventDate "1983.08.03"]
[PlyCount "31"]
1. d4 Nf6 2. Nf3 e6 3. c4 c5 4. e3 b6 5. Bd3 Bb7 6. O-O Be7 7. Nc3 a6 8. b3 cxd4 9. exd4 d5 10. Bb2 Nc6 11. cxd5 Nxd5 12. Nxd5 Qxd5 13. Bc4 Qd6 14. d5 exd5 15. Qxd5 O-O 16. Qxd6 1/2-1/2

[Event "21st Rubinstein Memorial"]
[Site "Polanica Zdroj POL"]
[Date "1983.08.??"]
[Round "7"]
[White "Kruszynski, Wlodzimierz"]
[Black "Stoica, Valentin"]
[WhiteElo "2435"]
[BlackElo "2440"]
[Result "1/2-1/2"]
[EventDate "1983.08.03"]
[PlyCount "60"]
1. e4 c5 2. Nf3 d6 3. d4 Nf6 4. Nc3 cxd4 5. Nxd4 a6 6. Be2 e6 7. O-O Be7 8. f4 O-O 9. Be3 Qc7 10. a4 Nc6 11. Qe1 Nxd4 12. Bxd4 e5 13. Be3 exf4 14. Bxf4 Be6 15. Qg3 Kh8 16. Rad1 Nd7 17. Bxd6 Qb6+ 18. Rf2 Bxd6 19. Qxd6 Qxb2 20. Nd5 Nf6 21. Nxf6 gxf6 22. Qf4 Rad8 23. Bd3 Rg8 24. Qxf6+ Qxf6 25. Rxf6 Rg5 26. Rb1 Rd7 27. Rb4 a5 28. Rb5 Rxb5 29. axb5 Rd4 30. Rf1 Rb4 1/2-1/2

[Event "21st Rubinstein Memorial"]
[Site "Polanica Zdroj POL"]
[Date "1983.08.??"]
[Round "7"]
[White "Lechtynsky, Jiri"]
[Black "Lukov, Valentin"]
[WhiteElo "2475"]
[BlackElo "2465"]
[Result "1/2-1/2"]
[EventDate "1983.08.03"]
[PlyCount "119"]
1. Nf3 Nf6 2. g3 d5 3. Bg2 e6 4. O-O Be7 5. d4 O-O 6. c4 c5 7. cxd5 exd5 8. Nc3 Nc6 9. dxc5 Bxc5 10. Bg5 Be6 11. Bxf6 Qxf6 12. Nxd5 Qxb2 13. Nc7 Rad8 14. Qc1 Qxc1 15. Raxc1 b6 16. Nxe6 fxe6 17. Bh3 Rfe8 18. Rfd1 Nd4 19. Nxd4 Rxd4 20. Rxd4 Bxd4 21. Rc8 Kf7 22. Rxe8 Kxe8 23. e3 Bb2 24. Bxe6 b5 25. Kg2 Ke7 26. Bg8 h6 27. Kf3 a5 28. Ke4 a4 29. Kf5 b4 30. f4 Bc3 31. e4 b3 32. axb3 a3 33. b4 Bxb4 34. e5 Bc5 35. Ke4 Bg1 36. Kf3 Bd4 37. Ba2 Bc3 38. Ke4 Be1 39. Kf5 Bf2 40. g4 Be1 41. Bc4 Bf2 42. g5 hxg5 43. fxg5 Be1 44. Kg6 Kf8 45. h3 Bg3 46. e6 Bh4 47. Kf5 Ke7 48. Kg4 Be1 49. Kh5 Kf8 50. Bb3 Bf2 51. h4 Be1 52. Kg4 g6 53. h5 gxh5+ 54. Kxh5 Bd2 55. g6 Bc3 56. Kh6 Bg7+ 57. Kh7 Bf6 58. g7+ Bxg7 59. e7+ Kxe7 60. Kxg7 1/2-1/2

[Event "21st Rubinstein Memorial"]
[Site "Polanica Zdroj POL"]
[Date "1983.08.??"]
[Round "8"]
[White "Abramovic, Bosko"]
[Black "Dydyshko, Viacheslav"]
[WhiteElo "2480"]
[BlackElo "2460"]
[Result "1/2-1/2"]
[EventDate "1983.08.03"]
[PlyCount "50"]
1. e4 c5 2. Nf3 d6 3. d4 cxd4 4. Nxd4 Nf6 5. Nc3 a6 6. Be2 e5 7. Nb3 Be7 8. O-O O-O 9. Be3 Be6 10. Qd2 Nc6 11. Rfd1 a5 12. a3 a4 13. Nc1 Qa5 14. Bf3 Rfc8 15. N1e2 b5 16. Nd5 Bxd5 17. exd5 Qxd2 18. Bxd2 Na5 19. Nc3 Nc4 20. Bc1 Nxa3 21. Rxa3 b4 22. Rxa4 bxc3 23. Rxa8 Rxa8 24. bxc3 Ra2 25. Bg5 Rxc2 1/2-1/2

[Event "21st Rubinstein Memorial"]
[Site "Polanica Zdroj POL"]
[Date "1983.08.??"]
[Round "8"]
[White "Hresc, Vladimir"]
[Black "Kruszynski, Wlodzimierz"]
[WhiteElo "2450"]
[BlackElo "2435"]
[Result "1/2-1/2"]
[EventDate "1983.08.03"]
[PlyCount "69"]
1. e4 c5 2. c3 d5 3. exd5 Qxd5 4. d4 e6 5. Nf3 Nf6 6. Be2 cxd4 7. cxd4 Nc6 8. O-O Be7 9. Nc3 Qd6 10. Nb5 Qd8 11. Bf4 Nd5 12. Bg3 O-O 13. Ne5 Qb6 14. a4 a6 15. Nc4 Qd8 16. Nbd6 Bf6 17. Nxc8 Rxc8 18. Be5 Bxe5 19. dxe5 Qg5 20. g3 Nf4 21. Kh1 Nxe2 22. Qxe2 Nd4 23. Qd3 Qg4 24. f4 Nf5 25. Rac1 h5 26. Nd6 Rcd8 27. Rcd1 Rd7 28. Qf3 Rfd8 29. Qxg4 hxg4 30. Rd3 Kf8 31. Rfd1 Ke7 32. Nc8+ Ke8 33. Nd6+ Ke7 34. Nc8+ Ke8 35. Nd6+ 1/2-1/2

[Event "21st Rubinstein Memorial"]
[Site "Polanica Zdroj POL"]
[Date "1983.08.??"]
[Round "8"]
[White "Ksieski, Zbigniew"]
[Black "Sygulski, Artur"]
[WhiteElo "2415"]
[BlackElo "2390"]
[Result "0-1"]
[EventDate "1983.08.03"]
[PlyCount "124"]
1. d4 d5 2. c4 c6 3. Nf3 Nf6 4. e3 g6 5. Bd3 Bg7 6. O-O O-O 7. Nc3 Bf5 8. Bxf5 gxf5 9. Qb3 Qb6 10. Ne5 e6 11. Bd2 Nbd7 12. Nxd7 Nxd7 13. cxd5 Qxb3 14. axb3 exd5 15. g3 a6 16. Ne2 Rfe8 17. Bb4 Nf6 18. Nf4 Ne4 19. Nd3 Bf8 20. Bxf8 Kxf8 21. Rfd1 Re7 22. Ne1 Ng5 23. Kg2 Kg7 24. h3 Rg8 25. Nd3 Kf6 26. Ne5 Ke6 27. Rh1 f6 28. Nd3 Kd6 29. Rad1 Reg7 30. Kf1 Ne4 31. Nf4 Rc7 32. Nd3 Re7 33. Rg1 a5 34. Ke2 b6 35. Nf4 Ng5 36. g4 fxg4 37. hxg4 Ne6 38. Nh5 Rf7 39. Ng3 Rd8 40. Nf5+ Kc7 41. Rh1 c5 42. Rc1 Kb7 43. Kd3 Ka6 44. Rh6 Kb5 45. Rd1 Kb4 46. Kc2 Ng5 47. dxc5 bxc5 48. Ng3 Nf3 49. Ne4 d4 50. Nxf6 a4 51. bxa4 d3+ 52. Kb1 Rd6 53. Ng8 Rxh6 54. Nxh6 Rd7 55. e4 c4 56. Nf5 c3 57. bxc3+ Kxc3 58. Rc1+ Kb3 59. Ne3 Nd2+ 60. Ka1 Ra7 61. Rb1+ Nxb1 62. Kxb1 d2 0-1

[Event "21st Rubinstein Memorial"]
[Site "Polanica Zdroj POL"]
[Date "1983.08.??"]
[Round "8"]
[White "Stoica, Valentin"]
[Black "Lechtynsky, Jiri"]
[WhiteElo "2440"]
[BlackElo "2475"]
[Result "1/2-1/2"]
[EventDate "1983.08.03"]
[PlyCount "36"]
1. e4 e6 2. d4 d5 3. Nd2 c5 4. exd5 Qxd5 5. Ngf3 cxd4 6. Bc4 Qd6 7. O-O Nf6 8. Nb3 Nc6 9. Nbxd4 Nxd4 10. Nxd4 a6 11. Bb3 Bd7 12. Bg5 O-O-O 13. Re1 Qc5 14. Bf4 Bc6 15. c3 Bd5 16. Qe2 Bd6 17. Bxd6 Qxd6 18. Rad1 Qc7 1/2-1/2

[Event "21st Rubinstein Memorial"]
[Site "Polanica Zdroj POL"]
[Date "1983.08.??"]
[Round "8"]
[White "Szymczak, Zbigniew"]
[Black "Stempin, Pawel"]
[WhiteElo "2420"]
[BlackElo "2380"]
[Result "1/2-1/2"]
[EventDate "1983.08.03"]
[PlyCount "72"]
1. d4 Nf6 2. c4 e6 3. Nf3 c5 4. d5 exd5 5. cxd5 d6 6. Nc3 g6 7. Nd2 Nbd7 8. e4 Bg7 9. Be2 O-O 10. O-O Re8 11. f4 c4 12. e5 dxe5 13. Nxc4 exf4 14. Bxf4 Ne4 15. Rc1 Nb6 16. Nxe4 Rxe4 17. Bg3 Rd4 18. Qb3 Qxd5 19. Nxb6 Qxb3 20. axb3 axb6 21. Rc7 Be6 22. Bc4 Rd2 23. h4 Bd4+ 24. Kh2 Rxb2 25. Rxb7 Rxb3 26. Bxb3 Bxb3 27. Rb1 Bc2 28. R1xb6 Ra1 29. Bd6 h5 30. Rb8+ Kg7 31. Rb5 Re1 32. Rd5 Bg1+ 33. Kg3 Re3+ 34. Kf4 Re4+ 35. Kf3 Re3+ 36. Kf4 Re4+ 1/2-1/2

[Event "21st Rubinstein Memorial"]
[Site "Polanica Zdroj POL"]
[Date "1983.08.??"]
[Round "9"]
[White "Flis, Jacek"]
[Black "Szymczak, Zbigniew"]
[WhiteElo "2410"]
[BlackElo "2420"]
[Result "1/2-1/2"]
[EventDate "1983.08.03"]
[PlyCount "59"]
1. e4 e6 2. d4 d5 3. Nd2 c5 4. exd5 exd5 5. Ngf3 Nc6 6. Bb5 Bd6 7. O-O Nge7 8. dxc5 Bxc5 9. Nb3 Bd6 10. Bg5 O-O 11. Qd2 Bg4 12. Nfd4 Qc7 13. h3 Bd7 14. Rfe1 Rfe8 15. Bd3 a6 16. c3 Ne5 17. Qc2 h6 18. Bxe7 Rxe7 19. Bf5 Rae8 20. Nd2 g6 21. Bxd7 Qxd7 22. N2f3 Nxf3+ 23. Nxf3 Rxe1+ 24. Rxe1 Rxe1+ 25. Nxe1 Qe6 26. Kf1 Qe4 27. Qd3 h5 28. f3 Qe5 29. Nc2 Bc5 30. Nd4 1/2-1/2

[Event "21st Rubinstein Memorial"]
[Site "Polanica Zdroj POL"]
[Date "1983.08.??"]
[Round "9"]
[White "Hernandez Onna, Roman"]
[Black "Farago, Ivan"]
[WhiteElo "2375"]
[BlackElo "2495"]
[Result "1/2-1/2"]
[EventDate "1983.08.03"]
[PlyCount "21"]
1. d4 d5 2. c4 e6 3. Nc3 Nf6 4. Bg5 Be7 5. Nf3 O-O 6. e3 h6 7. Bh4 b6 8. cxd5 exd5 9. Be2 Nbd7 10. O-O Bb7 11. Rc1 1/2-1/2

[Event "21st Rubinstein Memorial"]
[Site "Polanica Zdroj POL"]
[Date "1983.08.??"]
[Round "9"]
[White "Stempin, Pawel"]
[Black "Abramovic, Bosko"]
[WhiteElo "2380"]
[BlackElo "2480"]
[Result "0-1"]
[EventDate "1983.08.03"]
[PlyCount "88"]
1. d4 Nf6 2. c4 e6 3. Nf3 d5 4. Nc3 Be7 5. Bg5 h6 6. Bxf6 Bxf6 7. e3 O-O 8. Qd2 Nc6 9. Rc1 dxc4 10. Bxc4 e5 11. d5 Ne7 12. Ne4 Ng6 13. d6 cxd6 14. Qxd6 Qxd6 15. Nxd6 e4 16. Nxe4 Bxb2 17. Rb1 Ba3 18. Rb3 Be7 19. O-O Rd8 20. Nc3 Rb8 21. Nb5 Bc5 22. Nbd4 Bd6 23. h3 Bd7 24. Bb5 Rbc8 25. a4 Rc5 26. Rfb1 Bc8 27. Be2 Ne5 28. Rb5 Nxf3+ 29. Bxf3 Rxb5 30. Rxb5 Bd7 31. Rb4 Rc8 32. Nb3 Rc3 33. Bxb7 Bc7 34. Bd5 a5 35. Rd4 Kf8 36. g4 Bb6 37. Rf4 Be8 38. Re4 Rd3 39. Bc4 Rd1+ 40. Kh2 Bc6 41. Be2 Bc7+ 42. f4 Re1 43. Rc4 Rxe2+ 44. Kg1 Bd5 0-1

[Event "21st Rubinstein Memorial"]
[Site "Polanica Zdroj POL"]
[Date "1983.08.??"]
[Round "9"]
[White "Sygulski, Artur"]
[Black "Ardiansyah, Haji"]
[WhiteElo "2390"]
[BlackElo "2450"]
[Result "0-1"]
[EventDate "1983.08.03"]
[PlyCount "62"]
1. d4 f5 2. g3 Nf6 3. Bg2 e6 4. Nf3 Be7 5. O-O O-O 6. Nbd2 b6 7. Ne5 c6 8. e4 fxe4 9. Nxe4 Bb7 10. Ng5 Qc8 11. Qd3 c5 12. Ng4 g6 13. Bxb7 Qxb7 14. Ne5 Nc6 15. Nxh7 Nxh7 16. Qxg6+ Kh8 17. Bh6 Bf6 18. Bxf8 Rxf8 19. Nxc6 Qxc6 20. dxc5 Bxb2 21. Rab1 Bd4 22. cxb6 axb6 23. Qd3 e5 24. h3 Rf3 25. Rb3 Rxd3 26. Rxd3 Qxc2 27. Rf3 Kg7 28. g4 Qe4 29. Rg3 Nf6 30. Kh2 Qe2 31. Rh1 Bxf2 0-1

[Event "21st Rubinstein Memorial"]
[Site "Polanica Zdroj POL"]
[Date "1983.08.??"]
[Round "10"]
[White "Abramovic, Bosko"]
[Black "Flis, Jacek"]
[WhiteElo "2480"]
[BlackElo "2410"]
[Result "1/2-1/2"]
[EventDate "1983.08.03"]
[PlyCount "31"]
1. e4 c6 2. d4 d5 3. exd5 cxd5 4. c4 Nf6 5. Nc3 g6 6. cxd5 Nxd5 7. Bc4 Nb6 8. Bb3 Bg7 9. Nf3 O-O 10. O-O Nc6 11. Bg5 Nxd4 12. Nxd4 Qxd4 13. Qxd4 Bxd4 14. Bxe7 Re8 15. Rfe1 Be6 16. Bxe6 1/2-1/2

[Event "21st Rubinstein Memorial"]
[Site "Polanica Zdroj POL"]
[Date "1983.08.??"]
[Round "10"]
[White "Dydyshko, Viacheslav"]
[Black "Stempin, Pawel"]
[WhiteElo "2460"]
[BlackElo "2380"]
[Result "1-0"]
[EventDate "1983.08.03"]
[PlyCount "83"]
1. d4 Nf6 2. c4 e6 3. Nf3 c5 4. d5 exd5 5. cxd5 d6 6. Nc3 g6 7. Nd2 Nbd7 8. e4 Bg7 9. Be2 O-O 10. O-O Re8 11. a4 Ne5 12. Ra3 g5 13. Qc2 a6 14. a5 Rb8 15. Re1 g4 16. Nf1 Nh5 17. Nd1 Bd7 18. h3 Qf6 19. Nh2 Qg6 20. hxg4 Nxg4 21. Nxg4 Bxg4 22. Bxg4 Qxg4 23. Rh3 Qg6 24. Bd2 Re5 25. f4 Rxd5 26. f5 Rxd2 27. Qxd2 Qg4 28. Nf2 Qf4 29. Qxf4 Nxf4 30. Rh4 Bxb2 31. Rxf4 Bc3 32. Rd1 Kf8 33. Rf3 Bxa5 34. e5 dxe5 35. Rd5 Bb4 36. Ne4 c4 37. f6 b5 38. Rh3 Kg8 39. Rg3+ Kh8 40. Ng5 Kg8 41. Ne6+ Kh8 42. Rd8+ 1-0

[Event "21st Rubinstein Memorial"]
[Site "Polanica Zdroj POL"]
[Date "1983.08.??"]
[Round "10"]
[White "Farago, Ivan"]
[Black "Sygulski, Artur"]
[WhiteElo "2495"]
[BlackElo "2390"]
[Result "1-0"]
[EventDate "1983.08.03"]
[PlyCount "67"]
1. d4 Nf6 2. c4 e6 3. Nc3 d5 4. Nf3 Be7 5. Bg5 O-O 6. e3 Nbd7 7. Rc1 c6 8. Bd3 dxc4 9. Bxc4 Nd5 10. Bxe7 Qxe7 11. O-O Nxc3 12. Rxc3 e5 13. Qc2 exd4 14. exd4 Nf6 15. Re1 Qd6 16. Ng5 h6 17. Nxf7 Rxf7 18. Qg6 Qf8 19. Rf3 Nd5 20. Rxf7 Qxf7 21. Re8+ Qf8 22. Bxd5+ cxd5 23. Rxf8+ Kxf8 24. Qd6+ Kf7 25. Qxd5+ Ke7 26. Qe5+ Kf7 27. Qc7+ Ke8 28. Qxg7 a5 29. Qxh6 Ra6 30. Qh8+ Kd7 31. d5 b5 32. h4 Rd6 33. Qg7+ Kd8 34. h5 1-0

[Event "21st Rubinstein Memorial"]
[Site "Polanica Zdroj POL"]
[Date "1983.08.??"]
[Round "10"]
[White "Hresc, Vladimir"]
[Black "Lukov, Valentin"]
[WhiteElo "2450"]
[BlackElo "2465"]
[Result "1-0"]
[EventDate "1983.08.03"]
[PlyCount "97"]
1. e4 c5 2. c3 d5 3. exd5 Qxd5 4. d4 e6 5. Nf3 Nf6 6. Bd3 cxd4 7. cxd4 Nc6 8. O-O Be7 9. Nc3 Qd6 10. a3 O-O 11. Be3 b6 12. Qe2 Bb7 13. Rfe1 Rad8 14. Rad1 Rd7 15. Bg5 g6 16. Bb5 Nd5 17. Ne4 Qb8 18. Bxc6 Bxc6 19. Ne5 Rc7 20. Nxc6 Rxc6 21. Bxe7 Nxe7 22. Nf6+ Kg7 23. Nd7 Qd8 24. Nxf8 Kxf8 25. Qe5 Kg8 26. h4 Rd6 27. Qf4 h5 28. g3 Nc6 29. d5 Ne7 30. Qa4 exd5 31. Qxa7 Rd7 32. Qa4 d4 33. Re4 Nf5 34. Qb5 Kh7 35. Qd3 Qa8 36. Re5 Ng7 37. b4 Kg8 38. Qb5 Rd6 39. a4 Ne6 40. a5 bxa5 41. bxa5 Kh7 42. Qd3 Kg8 43. Ra1 Qa7 44. a6 Rc6 45. Rb5 Nc7 46. Rb7 Qa8 47. Qf3 Rc3 48. Qf4 Qc8 49. Rxc7 1-0

[Event "21st Rubinstein Memorial"]
[Site "Polanica Zdroj POL"]
[Date "1983.08.??"]
[Round "10"]
[White "Ksieski, Zbigniew"]
[Black "Lechtynsky, Jiri"]
[WhiteElo "2415"]
[BlackElo "2475"]
[Result "1/2-1/2"]
[EventDate "1983.08.03"]
[PlyCount "33"]
1. d4 Nf6 2. c4 c6 3. Nc3 d5 4. Nf3 g6 5. Qb3 Bg7 6. Bf4 O-O 7. e3 Qa5 8. Nd2 Nbd7 9. Be2 Re8 10. O-O e5 11. dxe5 Nxe5 12. cxd5 Nxd5 13. Bxe5 Bxe5 14. Nc4 Qc7 15. Nxe5 Rxe5 16. Nxd5 Rxd5 17. Bc4 1/2-1/2

[Event "21st Rubinstein Memorial"]
[Site "Polanica Zdroj POL"]
[Date "1983.08.??"]
[Round "10"]
[White "Szymczak, Zbigniew"]
[Black "Hernandez Onna, Roman"]
[WhiteElo "2420"]
[BlackElo "2375"]
[Result "1/2-1/2"]
[EventDate "1983.08.03"]
[PlyCount "50"]
1. Nf3 c5 2. c4 g6 3. d4 cxd4 4. Nxd4 Bg7 5. e4 Nc6 6. Be3 Nf6 7. Nc3 Ng4 8. Qxg4 Nxd4 9. Qd1 Ne6 10. Rc1 O-O 11. Be2 d6 12. O-O Bd7 13. b4 a5 14. a3 axb4 15. axb4 Bc6 16. f3 Ra3 17. Qd2 Kh8 18. Rfd1 f5 19. exf5 gxf5 20. Nb5 Rb3 21. Rb1 Rxb1 22. Rxb1 d5 23. cxd5 Qxd5 24. Qxd5 Bxd5 25. Rd1 Rd8 1/2-1/2

[Event "21st Rubinstein Memorial"]
[Site "Polanica Zdroj POL"]
[Date "1983.08.??"]
[Round "11"]
[White "Flis, Jacek"]
[Black "Dydyshko, Viacheslav"]
[WhiteElo "2410"]
[BlackElo "2460"]
[Result "0-1"]
[EventDate "1983.08.03"]
[PlyCount "66"]
1. e4 c5 2. Nf3 d6 3. d3 Nc6 4. g3 Nf6 5. Bg2 e6 6. O-O Be7 7. Re1 Bd7 8. c3 Ne5 9. d4 Nxf3+ 10. Bxf3 cxd4 11. cxd4 d5 12. e5 Ne4 13. Bg2 f5 14. exf6 Bxf6 15. Nc3 Nxc3 16. bxc3 O-O 17. Bh3 Rc8 18. Bd2 Re8 19. Qb3 b5 20. Re3 Qb6 21. a3 a5 22. Rae1 Rc6 23. Bg2 Rd8 24. Rb1 Rb8 25. Re2 Rc4 26. Bh3 Rbc8 27. Rbe1 R8c6 28. Qb1 Ra4 29. f4 b4 30. axb4 axb4 31. cxb4 Qxd4+ 32. Kh1 Qc4 33. Qd1 Ra1 0-1

[Event "21st Rubinstein Memorial"]
[Site "Polanica Zdroj POL"]
[Date "1983.08.??"]
[Round "11"]
[White "Hernandez Onna, Roman"]
[Black "Abramovic, Bosko"]
[WhiteElo "2375"]
[BlackElo "2480"]
[Result "1/2-1/2"]
[EventDate "1983.08.03"]
[PlyCount "29"]
1. d4 d5 2. c4 e6 3. Nc3 Be7 4. Nf3 Nf6 5. Bg5 h6 6. Bh4 O-O 7. e3 b6 8. Rc1 Bb7 9. Be2 Nbd7 10. O-O c5 11. cxd5 Nxd5 12. Bxe7 Qxe7 13. Nxd5 Bxd5 14. a3 Rfd8 15. Qc2 1/2-1/2

[Event "21st Rubinstein Memorial"]
[Site "Polanica Zdroj POL"]
[Date "1983.08.??"]
[Round "11"]
[White "Kruszynski, Wlodzimierz"]
[Black "Farago, Ivan"]
[WhiteElo "2435"]
[BlackElo "2495"]
[Result "1/2-1/2"]
[EventDate "1983.08.03"]
[PlyCount "46"]
1. e4 e6 2. d4 d5 3. Nd2 Nf6 4. e5 Nfd7 5. Bd3 c5 6. c3 Nc6 7. Ne2 cxd4 8. cxd4 f6 9. exf6 Nxf6 10. Nf3 Bd6 11. O-O Qb6 12. Nc3 O-O 13. a3 Bd7 14. Bg5 Rae8 15. Bh4 Re7 16. Bg3 Bxg3 17. hxg3 Be8 18. Na4 Qc7 19. Rc1 Bh5 20. Be2 Ne4 21. Nc5 Nxc5 22. Rxc5 Qd6 23. Rc2 e5 1/2-1/2

[Event "21st Rubinstein Memorial"]
[Site "Polanica Zdroj POL"]
[Date "1983.08.??"]
[Round "11"]
[White "Lechtynsky, Jiri"]
[Black "Ardiansyah, Haji"]
[WhiteElo "2475"]
[BlackElo "2450"]
[Result "1-0"]
[EventDate "1983.08.03"]
[PlyCount "85"]
1. c4 Nf6 2. Nf3 g6 3. Nc3 Bg7 4. d4 O-O 5. e4 c5 6. Be2 cxd4 7. Nxd4 d6 8. O-O Nc6 9. Be3 a6 10. Nf3 a5 11. Nd4 a4 12. Ndb5 Be6 13. f3 Nd7 14. Nxa4 Nce5 15. Qb3 Qa5 16. Nac3 Nc5 17. Bxc5 dxc5 18. f4 Nc6 19. e5 f6 20. Nd5 Qd2 21. Rf2 Bxd5 22. Rd1 Qb4 23. cxd5 Qxb3 24. axb3 Nd4 25. d6 exd6 26. Nxd6 fxe5 27. Bc4+ Kh8 28. fxe5 Nf5 29. Nxf5 gxf5 30. Re2 f4 31. Kf2 Rae8 32. e6 Bd4+ 33. Kf3 Re7 34. b4 Kg7 35. bxc5 Bxc5 36. Re4 b5 37. Bb3 Rf5 38. Rxf4 Re5 39. Re4 Rf5+ 40. Rf4 Re5 41. Rg4+ Kf6 42. Rf4+ Kg7 43. Rd3 1-0

[Event "21st Rubinstein Memorial"]
[Site "Polanica Zdroj POL"]
[Date "1983.08.??"]
[Round "11"]
[White "Stoica, Valentin"]
[Black "Hresc, Vladimir"]
[WhiteElo "2440"]
[BlackElo "2450"]
[Result "0-1"]
[EventDate "1983.08.03"]
[PlyCount "117"]
1. e4 e5 2. Nf3 Nc6 3. Bb5 Nf6 4. O-O Nxe4 5. d4 a6 6. Ba4 b5 7. Bb3 d5 8. dxe5 Be6 9. Be3 Be7 10. c3 O-O 11. Nbd2 Bg4 12. Nxe4 dxe4 13. Qd5 exf3 14. Qxc6 fxg2 15. Qxg2 Qd7 16. Bh6 gxh6 17. Rad1 Qf5 18. f3 Qxe5 19. fxg4 Rad8 20. Rde1 Qc5+ 21. Kh1 Bg5 22. Rf5 Qb6 23. Qe4 Qg6 24. Ref1 Rd7 25. Qf3 Kg7 26. Bd5 Re7 27. Qf2 Qb6 28. Qxb6 cxb6 29. Kg2 f6 30. Kg3 Be3 31. h4 Bc5 32. R5f3 Re2 33. Rd3 Rxb2 34. Be6 Re8 35. Rd7+ Re7 36. Rxe7+ Bxe7 37. Rd1 Re2 38. Bb3 a5 39. Rd7 a4 40. Bd5 Re5 41. Kf4 Kf8 42. h5 Ke8 43. Bc6 Rc5 44. Rc7+ Kf7 45. Rc8 Ke6 46. Bb7 Bd6+ 47. Ke4 Bc7 48. Kd3 Kd7 49. Rh8 Be5 50. Rxh7+ Kd6 51. Rxh6 Rxc3+ 52. Ke4 b4 53. Bd5 b3 54. axb3 axb3 55. g5 b2 56. Ba2 Ra3 57. Bb1 Ra1 58. Bc2 b1=Q 59. Bxb1 0-1